000 00687nam a2200241 i 4500
001 8137
003 ES-MaACL
005 20230906145404.0
007 t|
008 920225s1988 sp |||| | spa d
020 _a84-85595-65-3
080 _a299.7(=979.5 Yaquis)
100 1 _aCastaneda, Carlos.
_936394
245 1 3 _aEl conocimiento silencioso /
_cCarlos Castaneda.
250 _a1ª ed.
260 _aSan Lorenzo de El Escorial :
_bSwan,
_c1988.
300 _a301 p. ;
_c22 cm.
490 1 _aEl compás de oro ;
_v22
650 1 4 _aYaquis (Indios)-
_xReligión.
_9159835
830 0 _aEl compás de oro ;
_v22
_9181924
852 _aES-MaACL
_jL-15516
999 _c8137
_d8137